| 000 | 01396cam a2200229 4500 | ||
|---|---|---|---|
| 001 | ABS63323 | ||
| 008 | 000000n2000 000 0 eng u | ||
| 035 | _a(Sirsi) u110010 | ||
| 245 | _aWells v Bournemouth BC | ||
| 260 | _c2000 | ||
| 490 |
_aRating and Valuation Reporter _v [2000] RVR 335-340(6) |
||
| 520 | _aLCA/171/1997, 29 March 2003. Examined whether a landlord (W) should be paid compensation for the loss of income while prevented from letting the property by a closing order served by Bournemouth BC (B) in order to carry out substantial repair work to make the property fit for human habitation. W claimed he was entitled to compensation equal to the difference between the amounts which the property would have been expected to realise if sold in the open market immediately before and after the making of the closing order. It was held that no compensation was payable to W under the Housing Act 1985 s584, for the making of the closing order as there had been no diminution in the compulsory purchase value of the owner's interest in the property as a result of the making of the closing order. | ||
| 590 | _aABS | ||
| 650 | _aCOMPENSATION | ||
| 650 | _aWELLS V BOURNEMOUTH BC | ||
| 650 | _aLAND COMPENSATION ACT 1973 | ||
| 650 | _aHOUSING ACT 1985 S584A | ||
| 650 |
_aValuation _96273 |
||
| 650 | _aCLOSING ORDER | ||
| 690 |
_aLandlord and tenant _96252 |
||
| 942 | _n0 | ||
| 999 |
_c65616 _d65616 |
||